Регионална библиотека "Любен Каравелов" - Русе

Коледна звезда (Запис номер 498719)

MARC детайли
000 -Лидер
Контролно поле с фиксирана дължина 01156nam a2200325 a 4500
003 - Код на организацията, давaща контролен номер
Контролно поле BLK
005 - Дата и час на последна редакция
Контролно поле 20250407115410.0
008 - Елементи от данни с фиксирана дължина
fixed length control field 180411b bul|||||r ||||||| ||bul||
020 ## - Международен стандартен номер на книга ISBN
Международен стандартен номер на книга ISBN 9789543987641
040 ## - Източник на каталожния запис
Идентификатор на билиотеката - собственик на записа BLK
041 ## - Код за език
Код за езика на текст/звукозапис или на отделно заглавие Български
Код за езика КДБФ Български
080 ## - УДК
Текстов определител УДК Английска литература
УДК код - определител по УДК 821.111
УДК определител -93-34
УДК - код + определител 821.111-93-34
100 ## - Редна дума - Автор
Автор Потър, Беатрикс
R(LIN) 384654
139 ## - Редно поле
Редна дума Потър, Биатрикс
Авторски знак Пос - П 80
245 10 - Сведения за заглавието
Заглавие Коледна звезда
Редно поле (дума) Беатрикс Потър ; ил. Беатрикс Потър; прев. Надежда Йорданова
257 ## - Страна на издаване
Страна на създаване/издаване Великобритания
260 ## - Област на издателските данни
Място на издаване, разпространение и проч. София
Име на издателя, разпространителя и проч. Труд
Година на издаване 2023
300 ## - Физическа характеристика
Страници 16 с.
Илюстрации и др. с цв. ил.
Размери/Мащаб 16х20 см
380 ## - Жанр
Жанр Детска худож. лит.
490 ## - СЕРИИ (Колекции)
9 (RLIN) 442162
Име на серия Светът на Зайчето Питър
700 ## - Други автори (авторска отговорност)
Лично име Потър, Беатрикс
9 (RLIN) 384654
700 ## - Други автори (авторска отговорност)
Лично име Йорданова, Надежда Георгиева
9 (RLIN) 365038
Автороска отговорност (Описва отношението между автора и произведението) съавт.
852 ## - Местоположение
Фондова буква Детски отдел
Систематично-азбучна сигнатура 821-93/П 80 Б
856 4# - Електронен адрес и достъп
Електронен формат pdf - файл
856 4# - Електронен адрес и достъп
Електронен формат pdf - файл
942 ## - АРТИКУЛИ
Вид на библиотечния материал Книги
Скрит в OPAC Не
Периодичен библиозапис Да
Koha issues (borrowed), all copies 62
944 ## - СЪЗДАВАНЕ И РЕДАКЦИЯ на ЗАПИСА
Дата на регистрацията/редакция Нора Радева
Служител, извършил регистрацията/редакцията 30543
Статус, дата на статуса Ива Цветкова
Създаване/Редакция
999 ## - СИСТЕМНИ КОНТРОЛНИ НОМЕРА
Koha biblionumber 498719
Koha biblioitemnumber 498719
999 ## - СИСТЕМНИ КОНТРОЛНИ НОМЕРА
Koha biblioitemnumber 498718
999 ## - СИСТЕМНИ КОНТРОЛНИ НОМЕРА
Koha biblioitemnumber 203572
Наличности
Код за отписване Код за изгубен артикул Източник на класификационната схема Код за повреда Код за отдаване Артикулен № Име на библиотеката - собственик Име на библиотеката, в която се намира в момента Статус (Текущо местоположение) Дата на вписване в системата Местоположение - отдел Цена в лева Инвентарен номер Систематично азбучна сигнатура Баркод Цена в евро Служебен тип на артикула Коз за рестрикции
  Не е изгубен Universal Decimal Classification Не е повреден заемане за дома 936922 Регионална библиотека "Любен Каравелов" Русе Регионална библиотека "Любен Каравелов" Русе Детски отдел 2023-11-27 Детски отдел 14.35 120000895982 821-93/П 80 Б 120000895982 7.34 Книги  
  Не е изгубен Universal Decimal Classification Не е повреден заемане за дома 936923 Регионална библиотека "Любен Каравелов" Русе Регионална библиотека "Любен Каравелов" Русе Детски отдел 2023-11-27 Детски отдел 14.35 120000895983 821-93/П 80 Б 120000895983 7.34 Книги  
  Не е изгубен Universal Decimal Classification Не е повреден заемане за дома 936924 Регионална библиотека "Любен Каравелов" Русе Регионална библиотека "Любен Каравелов" Русе Детски отдел 2023-11-27 Детски отдел 14.35 120000895984 821-93/П 80 Б 120000895984 7.34 Книги  
  Не е изгубен Universal Decimal Classification Не е повреден ползва се в читалня 941251 Регионална библиотека "Любен Каравелов" Русе Регионална библиотека "Любен Каравелов" Русе Хранилище 2024-03-14 Хранилище 17.99 120000900279 Цб І 42728 120000900279 9.20 Книги само за читалня
Vip Innovations Ltd, Rousse, Bulgaria 2025